| 000 | 01105nam a2200241Ia 4500 | ||
|---|---|---|---|
| 003 | Ost | ||
| 005 | 20260507075400.0 | ||
| 008 | 260507s9999||||xx |||||||||||||| ||und|| | ||
| 020 | _a2157999579 | ||
| 040 | _cfsecg | ||
| 041 | _aara | ||
| 082 | _a600 | ||
| 100 |
_aخيري، أسامة _eمؤلف |
||
| 245 | 0 |
_aالقيادة الإستراتيجية / _c أسامة خيري |
|
| 260 |
_aعمان: _bدار الراية للنشر والتوزيع, _c2014 |
||
| 300 |
_a195 صفحة؛ _bإيضاحات ؛ _c25 سم |
||
| 504 | _aقائمة المراجع ص.191 | ||
| 520 | _aيضم مقدمة في القيادة ، القادة الاداريين ، ماهية الاستراتيجية ، التخطيط الاستراتيجي ، الوظائف الاستراتيجية للمنظمة، أنواع القيادة الاستراتيجية، القيادة والتغيير ، دور القيادة التحويلية في إدارة التغيير | ||
| 653 | _aالقادة الإداريون | ||
| 653 | _aالقيادة | ||
| 653 | _aالقيادة الإدارية | ||
| 942 | _cكتاب | ||
| 999 |
_c44266 _d44266 |
||